Statistiques concernant Les Chanteuses Françaises

Cliquez ici pour prendre le quiz!

Statistiques générales

  • Ce quiz a été pris 118 fois
  • Le résultat moyen est 11 sur 16

Statistiques - réponses

Réponse% Correct
Zazie
98%
Aya Nakamura
97%
Edith Piaf
91%
Vanessa Paradis
90%
Mylène Farmer
89%
Clara Luciani
84%
Dalida
81%
Lorie
75%
Shy'm
74%
Brigitte Bardot
70%
Mireille Mathieu
58%
Patricia Kaas
56%
Liane Foly
48%
Anggun
47%
Barbara
44%
Imany
22%

Distribution des résultats

Percentile par nombre de réponses

% des personnes avec chaque résultat

Votre développement - résultats

Vous n’avez pas pris ce quiz